Normal view MARC view

Entry Personal Name

Number of records used in: 2

001 - CONTROL NUMBER

  • control field: 8622

003 - CONTROL NUMBER IDENTIFIER

  • control field: DLC

005 - DATE AND TIME OF LATEST TRANSACTION

  • control field: 20210702120251.0

008 - FIXED-LENGTH DATA ELEMENTS

  • fixed length control field: 841228n| azannaabn |b aaa

010 ## - LIBRARY OF CONGRESS CONTROL NUMBER

  • LC control number: n 84215089
  • Canceled/invalid LC control number: n 50003127

035 ## - SYSTEM CONTROL NUMBER

  • System control number: (OCoLC)oca01248501

040 ## - CATALOGING SOURCE

  • Original cataloging agency: DLC
  • Language of cataloging: eng
  • Description conventions: rda
  • Transcribing agency: DLC
  • Modifying agency: DLC
  • Modifying agency: OCoLC
  • Modifying agency: OU

100 1# - HEADING--PERSONAL NAME

  • Personal name: DiPrima, Richard C.

372 ## - FIELD OF ACTIVITY

  • Field of activity: Differential equations
  • Source of term: lcsh

375 ## - GENDER

  • Gender: Males
  • Source of term: lcsh

377 ## - ASSOCIATED LANGUAGE

  • Language code: eng

400 1# - SEE FROM TRACING--PERSONAL NAME

  • Personal name: DiPrima, Dick

400 1# - SEE FROM TRACING--PERSONAL NAME

  • Control subfield: nna
  • Personal name: Di Prima, Richard C.

400 1# - SEE FROM TRACING--PERSONAL NAME

  • Personal name: DiPrima, R. C.
  • Fuller form of name: (Richard C.)

400 1# - SEE FROM TRACING--PERSONAL NAME

  • Personal name: دبريما، ريتشارد س.

670 ## - SOURCE DATA FOUND

  • Source citation: Data from Knowledge Unlimited for Is anyone out there? [FS] 1984
  • Information found: (Richard C. DiPrima)

670 ## - SOURCE DATA FOUND

  • Source citation: Boyce, W.E. Calculus, c1988:
  • Information found: CIP t.p. (Richard C. DiPrima; Rensselaer Polytechnic Institute) pref. (Dick DiPrima; d. 1984)

670 ## - SOURCE DATA FOUND

  • Source citation: Boyce, W. Elementary differential equations and boundary value problems, 1965:
  • Information found: t.p. (Richard C. Di Prima)

670 ## - SOURCE DATA FOUND

  • Source citation: Manual auth. cd. 7-20-88
  • Information found: (heading: Di Prima, Richard C.; b. 8-9-27)

670 ## - SOURCE DATA FOUND

  • Source citation: nuc88-128141: Boyce, W.E. Solutions manual to accompany Elementary ... 1986
  • Information found: (hdg. on NBPol rept.: DiPrima, Richard C.; usage: R.C. DiPrima)

670 ## - SOURCE DATA FOUND

  • Source citation: Ordinary differential equations and their applications, 2015, ©2015:
  • Information found: title page (Richard C. DiPrima; author)

Powered by Koha